Statistics for Logic Puzzle - World Countries

Click here to take the quiz!

General Stats

  • This quiz has been taken 115 times
  • The average score is 20 of 24

Answer Stats

Answer% Correct
BULGARIA. The countries in column D are the biggest in their continents.
100%
CAMEROON. Column A has the smallest countries of each continent that are not entirely on an island.
99%
RUSSIA. Cameroon is in column B.
99%
VATICAN CITY. The southernmost country in the world is in row 5.
98%
ALGERIA. Australia is not in this quiz.
97%
BRAZIL. Either the first or the last country alphabetically in each row are in column E.
94%
CANADA. The only country that borders the Caribbean sea is in column B.
93%
CHINA. This country is adjacent to Georgia.
93%
GEORGIA. All countries in this column end with a vowel.
90%
SURINAME. All the countries in column C begin with the same letter.
89%
ZIMBABWE. Georgia is adjacent to Cameroon.
89%
UNITED STATES. Only one country begins with T.
85%
ARGENTINA. Four more countries besides this country begin with an A.
83%
EL SALVADOR. Two of the countries in column B border two of the countries in column E.
83%
CHILE. Zimbabwe is in this quiz.
79%
ALBANIA. There are only two island countries in this quiz.
78%
MEXICO. Two countries are members of the Arab League.
78%
GREECE. The three biggest countries in North America are in row 3.
77%
GUYANA. Only one country in this quiz borders Burkina Faso.
76%
GRENADA.
75%
GHANA.
72%
AFGHANISTAN.
67%
LEBANON. Guatemala is not in this quiz, but two of its bordering countries are.
67%
TAIWAN.
40%

Score Distribution

Percentile by Number Answered

Percent of People with Each Score

Your Score History

You have not taken this quiz